000 00585nam a2200181Ia 4500
003 GCL
008 140319s9999 xx 000 0 ara d
040 _aGCL /
_cGCL
082 0 4 _aط
_b796.030
_bا م
100 1 _aاسماعيل عبدالفتاح
245 1 0 _aالكراتية /
_cاسماعيل عبدالفتاح
260 _a[S.N] :
_bدار الكتاب المصرى ،
_c1990
300 _a48 ص
490 _aالموسوعة الرياضية الميسرة
_v0
650 0 4 _aالاطفال
650 0 4 _aالالعاب الرياضية للاطفال
942 _2ddc
_cBK
999 _c56629
_d56629